书目信息 |
| 书名: | Where eagles dare | |
| 作者: | ||
| 分册号: | ||
| 分册名: | 出版地: | London : |
|
| 出版社: | Collins | |
| 出版时间: | 1978. | |
| 页数: | 96 p. : | |
| 开本: | 20020930 | |
| 丛书名: | ||
| 中图分类号: | ||
| 科图分类号: | ||
| 其他分类号: | H319.4 | |
| 主题词: | ||
| 电子资源: | ||
| 000 | 00562nam 2200193 a 4500 | |
| 001 | E0740602118 | |
| 005 | 20070211112518.21 | |
| 008 | uu | |
| 008 | eng | |
| 040 | @aCcBjTSG | |
| 090 | @a2/I561.45/-49/MA/////////263538 | |
| 090 | @aH319.4 | |
| 096 | @aI561.45-49 @v2 | |
| 099 | @dH319.4@ex71:5(1) | |
| 100 | 1 | @aMacLean, Alistair, @d1922- |
| 245 | 10 | @aWhere eagles dare |
| 260 | @aLondon :@bCollins,@c1978. | |
| 300 | @a96 p. :@b00 ;@c20020930@lNLC09@h2244@lNLC09@h2234@lNLC09@h1826 :@b40 ;@c20051206@lNLC09@h1559 | |
| 852 | 9 | @bWWJC @cJ08S @k2 @hI561.45-49 @iMA |
| Where eagles dare.-London : : Collins, , 1978. |
| 96 p. : : 00 ; ; 20020930 : 40 ; ; 20051206 |
| ISBN |
| ● |
| 相关链接 |
|
|
|
|
正题名:Where eagles dare
索取号:H319.4/x71:5(1)
 
预约/预借
| 序号 | 登录号 | 条形码 | 馆藏地/架位号 | 状态 | 备注 |
| 1 | 183454 | 001193041 | 第四借阅区/ [索取号:H319.4/x71:5(1)] | 在馆 | |
| 2 | 183455 | 001193050 | 第四借阅区/ [索取号:H319.4/x71:5(1)] | 在馆 | |
| 3 | 183456 | 001193069 | 第四借阅区/ [索取号:H319.4/x71:5(1)] | 在馆 | |
| 4 | 183457 | 001182375 | 第四借阅区/ [索取号:H319.4/x71:5(1)] | 在馆 | |
| 5 | 183458 | 001193078 | 第四借阅区/ [索取号:H319.4/x71:5(1)] | 在馆 | |
| 6 | 183459 | 001193087 | 密集书库/ [索取号:H319.4/x71:5(1)] | 在馆 | |
| 7 | 183460 | 001193103 | 密集书库/ [索取号:H319.4/x71:5(1)] | 在馆 | |
| 8 | 183461 | 001193096 | 密集书库/ [索取号:H319.4/x71:5(1)] | 在馆 | |
| 9 | 183462 | 001193112 | 密集书库/ [索取号:H319.4/x71:5(1)] | 在馆 |